| 000 | 004720000a22001930004500 | ||
|---|---|---|---|
| 001 | 003123 | ||
| 003 | MACL | ||
| 005 | 20150828102908.0 | ||
| 008 | 150828b xxu||||| |||| 00| 0 eng d | ||
| 040 |
_aMACL _cMACL |
||
| 041 | _aEnglish | ||
| 082 | _a781.685/RAJ | ||
| 100 |
_aRajagopalan, N. _97714 |
||
| 245 |
_aThe Holistic Garland _cN. Rajagopalan |
||
| 260 |
_aChennai _c2002 _bCarnatic Classicals, |
||
| 350 | _a400 | ||
| 650 |
_aMusic _97715 |
||
| 942 |
_k782 _cBK _2ddc |
||
| 999 |
_c15029 _d15029 |
||